[Event "CRO-chT2 West"]
[Site "Rijeka"]
[Date "2020.10.11"]
[Round "5.3"]
[White "Brenc, Tomislav"]
[Black "Petric, Ivica"]
[Result "0-1"]
[WhiteElo "2040"]
[BlackElo "2022"]
[PlyCount "58"]
[EventDate "2020.09.12"]
[EventType "team-tourn"]
[EventRounds "9"]
[EventCountry "CRO"]
[SourceTitle "EXT 2022"]
[Source "ChessBase"]
[SourceDate "2021.10.06"]
[SourceVersion "1"]
[SourceVersionDate "2021.10.06"]
[SourceQuality "1"]
[WhiteTeam "Ravna Gora Goranka"]
[BlackTeam "Drazice Rjecina"]
[WhiteTeamCountry "CRO"]
[BlackTeamCountry "CRO"]

1. e4 c5 2. Nf3 d6 3. d4 cxd4 4. Qxd4 Nc6 5. Bb5 Bd7 6. Bxc6 Bxc6 7. c4 Nf6 8. Nc3 e6 9. 0-0 Be7 10. Bg5 h6 11. Bh4 Qc7 12. Rac1 a6 13. b4 0-0 14. b5 Be8 15. Rfd1 Rd8 16. Qa7 Qb8 17. Qxb8 Rxb8 18. bxa6 bxa6 19. Nd4 Rc8 20. Bg3 Rxc4 21. Nf5 exf5 22. Nd5 Rxe4 23. Nxe7+ Rxe7 24. Bxd6 Re2 25. Rc8 Nh7 26. a3 Bd7 27. Rxf8+ Nxf8 28. Kf1 Bb5 29. a4 Rd2+ 0-1

[Event "CRO-chT2 West"]
[Site "Croatia"]
[Date "2015.02.22"]
[Round "2.3"]
[White "Brenc, Tomislav"]
[Black "Begonja, Veljko"]
[Result "0-1"]
[WhiteElo "2046"]
[BlackElo "2156"]
[PlyCount "110"]
[EventDate "2015.02.21"]
[EventType "team-tourn"]
[EventRounds "9"]
[EventCountry "CRO"]
[SourceTitle "EXT 2016"]
[Source "ChessBase"]
[SourceDate "2015.10.08"]
[SourceVersion "1"]
[SourceVersionDate "2015.10.08"]
[SourceQuality "1"]
[WhiteTeam "Ravna Gora Goranka"]
[BlackTeam "Rijeka Junior"]
[WhiteTeamCountry "CRO"]
[BlackTeamCountry "CRO"]

1. f4 d5 2. Nf3 g6 3. g3 Bg7 4. Bg2 Nh6 5. 0-0 0-0 6. d3 c6 7. c3 Qb6+ 8. d4 Nf5 9. g4 Nd6 10. h3 Nd7 11. Ne5 Nf6 12. Nd2 Be6 13. Qc2 Nd7 14. Kh1 f5 15. g5 Ne4 16. Kh2 Nxe5 17. dxe5 Rac8 18. Nb3 h6 19. Nd4 Kf7 20. Bxe4 dxe4 21. Be3 c5 22. Nxe6 Qxe6 23. h4 hxg5 24. hxg5 a6 25. Kg2 c4 26. Rad1 Rfd8 27. Qa4 b5 28. Qa5 Rxd1 29. Rxd1 Qc6 30. Rd8 Rxd8 31. Qxd8 Bf8 32. Qb8 Kg8 33. Kf2 Kf7 34. Qb6 Qxb6 35. Bxb6 e6 36. Ke3 Ke8 37. Kd4 Be7 38. Bc5 Bd8 39. Ba7 Be7 40. Bc5 Bd8 41. Ba7 Be7 42. Bb8 Kd7 43. Ba7 Kc6 44. b4 cxb3 45. axb3 Ba3 46. b4 Bc1 47. e3 Bb2 48. Bc5 Bc1 49. Bd6 Bd2 50. Bf8 Be1 51. Bd6 Bd2 52. Bf8 Bc1 53. Bd6 Ba3 54. Be7 a5 55. c4 Bb2# 0-1

[Event "CRO-chT Cup 22nd"]
[Site "Bol"]
[Date "2013.05.23"]
[Round "2.112"]
[White "Brenc, Tomislav"]
[Black "Stocko, Josip"]
[Result "0-1"]
[WhiteElo "2042"]
[BlackElo "2215"]
[PlyCount "100"]
[EventDate "2013.05.22"]
[EventType "team"]
[EventRounds "6"]
[EventCountry "CRO"]
[SourceTitle "CBM 154 Extra"]
[Source "ChessBase"]
[SourceDate "2013.06.25"]
[SourceVersion "2"]
[SourceVersionDate "2013.06.25"]
[SourceQuality "1"]
[WhiteTeam "Ravna Gora Goranka"]
[BlackTeam "Vinkovci"]
[WhiteTeamCountry "CRO"]
[BlackTeamCountry "CRO"]

1. e4 c5 2. Nf3 d6 3. d4 cxd4 4. Qxd4 a6 5. Bg5 Nc6 6. Qd2 h6 7. Bh4 g5 8. Bg3 Bg7 9. c3 Nf6 10. Bd3 Bg4 11. h4 Bxf3 12. gxf3 g4 13. fxg4 Nxg4 14. Na3 h5 15. f3 Nge5 16. Be2 Bh6 17. Bf4 Bxf4 18. Qxf4 Qa5 19. Qe3 Qc5 20. Qxc5 dxc5 21. 0-0-0 Ng6 22. Bc4 e6 23. Rd6 Ke7 24. Rd2 Nce5 25. Be2 Nf4 26. Kd1 Rhg8 27. Nc4 Nxc4 28. Bxc4 Rg3 29. Rf2 Rag8 30. Kd2 Rg1 31. Rxg1 Rxg1 32. Rh2 Rg2+ 33. Rxg2 Nxg2 34. Ke2 Nxh4 35. Kf2 Ng6 36. Kg3 h4+ 37. Kh3 Kf6 38. b4 cxb4 39. cxb4 Kg5 40. a4 Ne5 41. Be2 Kf4 42. Kg2 Ke3 43. Bd1 Kd2 44. Bb3 Kc3 45. Bd1 Kxb4 46. Kh3 Ng6 47. Kg4 e5 48. Kh3 b5 49. axb5 axb5 50. Kg4 Kc3 0-1

[Event "Rijeka Liburnija op"]
[Site "Rijeka"]
[Date "2012.12.02"]
[Round "4"]
[White "Brenc, Tomislav"]
[Black "Jokic, Miljenko"]
[Result "0-1"]
[WhiteElo "2045"]
[BlackElo "1839"]
[PlyCount "114"]
[EventDate "2012.11.30"]
[EventType "swiss"]
[EventRounds "9"]
[EventCountry "CRO"]
[SourceTitle "CBM 151 Extra"]
[Source "ChessBase"]
[SourceDate "2012.12.18"]
[SourceVersion "1"]
[SourceVersionDate "2012.12.18"]
[SourceQuality "1"]

1. f4 Nf6 2. Nf3 d5 3. g3 c5 4. Bg2 Nc6 5. 0-0 Bf5 6. d3 h6 7. Ne5 e6 8. Nd2 Ng4 9. Nxg4 Bxg4 10. h3 Bh5 11. c3 Qc7 12. g4 Bg6 13. e4 dxe4 14. dxe4 0-0-0 15. Qe2 Be7 16. Nb3 Rd7 17. Be3 b6 18. Rad1 Rhd8 19. Rxd7 Qxd7 20. Nc1 f6 21. Bf3 e5 22. f5 Bf7 23. b3 Na5 24. Qc2 Nb7 25. Be2 Kb8 26. Nd3 c4 27. Nb4 Bxb4 28. cxb4 cxb3 29. axb3 Qd6 30. Rc1 Qe7 31. Bb5 Nd6 32. Ba6 Be8 33. Rd1 Qc7 34. Qe2 Bc6 35. Rc1 Qd7 36. Rd1 Bb7 37. Bxb7 Qxb7 38. Rd5 Qc7 39. Qd3 Nf7 40. Rxd8+ Qxd8 41. Qc4 Nd6 42. Qd5 Qc7 43. b5 Nb7 44. b4 Kc8 45. Qg8+ Nd8 46. Qb3 Qd7 47. h4 Qxb5 48. Qg8 Qd7 49. Kf2 Kc7 50. g5 hxg5 51. hxg5 Qf7 52. Qh8 a5 53. bxa5 bxa5 54. gxf6 gxf6 55. Bb6+ Kxb6 56. Qxd8+ Ka6 57. Qa8+ Qa7+ 0-1

[Event "CRO Cup 21st"]
[Site "Sibenik"]
[Date "2012.05.20"]
[Round "6.54"]
[White "Plenca, Julian"]
[Black "Brenc, Tomislav"]
[Result "1-0"]
[WhiteElo "2326"]
[BlackElo "2045"]
[PlyCount "49"]
[EventDate "2012.05.16"]
[EventType "team-swiss"]
[EventRounds "6"]
[EventCountry "CRO"]
[SourceTitle "CBM 148 Extra"]
[Source "ChessBase"]
[SourceDate "2012.06.22"]
[SourceVersion "1"]
[SourceVersionDate "2012.06.22"]
[SourceQuality "1"]
[WhiteTeam "Rijeka Rijeka"]
[BlackTeam "Ravna Gora Goranka"]
[WhiteTeamCountry "CRO"]
[BlackTeamCountry "CRO"]

1. e4 c5 2. Nf3 e6 3. d4 cxd4 4. Nxd4 a6 5. Bd3 Qc7 6. 0-0 Nf6 7. Nc3 Bd6 8. Kh1 h5 9. f4 Bc5 10. Nb3 Ng4 11. Nxc5 Qxc5 12. Qe1 d6 13. e5 d5 14. b4 Qxb4 15. Rb1 Qa5 16. f5 Nc6 17. fxe6 Bxe6 18. Rxb7 Ncxe5 19. h3 Rc8 20. Ne4 Qd8 21. Bg5 f6 22. Nxf6+ gxf6 23. Bg6+ Kf8 24. Bxf6 Nxf6 25. Qxe5 1-0

[Event "CRO Cup 21st"]
[Site "Sibenik"]
[Date "2012.05.18"]
[Round "4.54"]
[White "Brenc, Tomislav"]
[Black "Vargic, Drago"]
[Result "0-1"]
[WhiteElo "2045"]
[BlackElo "2351"]
[PlyCount "74"]
[EventDate "2012.05.16"]
[EventType "team-swiss"]
[EventRounds "6"]
[EventCountry "CRO"]
[SourceTitle "CBM 148 Extra"]
[Source "ChessBase"]
[SourceDate "2012.06.22"]
[SourceVersion "1"]
[SourceVersionDate "2012.06.22"]
[SourceQuality "1"]
[WhiteTeam "Ravna Gora Goranka"]
[BlackTeam "Djakovo"]
[WhiteTeamCountry "CRO"]
[BlackTeamCountry "CRO"]

1. f4 d5 2. Nf3 g6 3. g3 Bg7 4. Bg2 Nh6 5. 0-0 0-0 6. d3 c6 7. c3 Qb6+ 8. Kh1 Nd7 9. Qe1 Nc5 10. Nbd2 Ng4 11. d4 Na4 12. Nb3 c5 13. Ne5 cxd4 14. cxd4 Nf6 15. h3 Bf5 16. g4 Be4 17. Bxe4 dxe4 18. g5 Nd5 19. Nd7 Qe6 20. Nxf8 Qxh3+ 21. Kg1 Rxf8 22. Qf2 f6 23. Qg2 Qf5 24. e3 Qe6 25. Bd2 f5 26. Rab1 Kf7 27. Qe2 a6 28. Rfc1 h6 29. gxh6 Bxh6 30. Nc5 Nxc5 31. Rxc5 Rd8 32. Rbc1 Bg7 33. Qc4 Nxf4 34. exf4 Bxd4+ 35. Kf1 Bxc5 36. Qe2 e3 37. Bc3 Qe4 0-1

[Event "CRO-chT2 West"]
[Site "Rijeka"]
[Date "2012.04.22"]
[Round "5.13"]
[White "Brenc, Tomislav"]
[Black "Ugulin, Silvano"]
[Result "0-1"]
[WhiteElo "2045"]
[BlackElo "2122"]
[PlyCount "72"]
[EventDate "2012.03.17"]
[EventType "team-tourn"]
[EventRounds "9"]
[EventCountry "CRO"]
[SourceTitle "EXT 2013"]
[Source "ChessBase"]
[SourceDate "2012.11.22"]
[SourceVersion "1"]
[SourceVersionDate "2012.11.22"]
[SourceQuality "1"]

1. e4 c5 2. Nf3 d6 3. d4 cxd4 4. Qxd4 Nc6 5. Bb5 Bd7 6. Bxc6 Bxc6 7. Nc3 Nf6 8. Qd3 g6 9. Bg5 Bg7 10. 0-0 0-0 11. Nd5 Bxd5 12. exd5 Qa5 13. c4 a6 14. a3 Rac8 15. b4 Qa4 16. Rac1 Rc7 17. Rfe1 Re8 18. h3 h6 19. Bf4 Rec8 20. Nd4 Nh5 21. Be3 Nf6 22. f4 b5 23. cxb5 Nxd5 24. Rxc7 Rxc7 25. Qe4 e6 26. Nxe6 Re7 27. Qxd5 Rxe6 28. b6 Qxa3 29. Qd2 Bc3 30. b7 Re8 31. Qxd6 Bxe1 32. Qb6 Qxb4 33. Qa7 Qd6 34. Bc5 Qc7 35. Bb6 Qb8 36. Qxa6 Bg3 0-1

[Event "CRO-chT2 West"]
[Site "Croatia"]
[Date "2011.11.06"]
[Round "9.44"]
[White "Kovacevic, Matija"]
[Black "Brenc, Tomislav"]
[Result "1/2-1/2"]
[WhiteElo "1923"]
[BlackElo "2046"]
[PlyCount "49"]
[EventDate "2011.03.12"]
[EventType "team-tourn"]
[EventRounds "9"]
[EventCountry "CRO"]
[SourceTitle "EXT 2014"]
[Source "ChessBase"]
[SourceDate "2013.11.20"]
[SourceVersion "1"]
[SourceVersionDate "2013.11.20"]
[SourceQuality "1"]

1. d4 f5 2. Nf3 Nf6 3. e3 g6 4. Bd3 Bg7 5. 0-0 0-0 6. Nc3 d6 7. Qe2 Qe8 8. e4 Nxe4 9. Nxe4 fxe4 10. Qxe4 Nc6 11. c3 Bf5 12. Bc4+ Kh8 13. Qh4 Bf6 14. Ng5 h5 15. Re1 e5 16. Qg3 Qe7 17. dxe5 Nxe5 18. Be2 Rae8 19. Be3 Bg4 20. Ne4 Bg7 21. Bxg4 Nxg4 22. Bd4 Bxd4 23. cxd4 Qg7 24. h3 Nh6 25. d5 1/2-1/2

[Event "CRO-chT2 West"]
[Site "Croatia"]
[Date "2011.03.13"]
[Round "3.44"]
[White "Brenc, Tomislav"]
[Black "Tomljanovic, Goran"]
[Result "1/2-1/2"]
[WhiteElo "2046"]
[BlackElo "2063"]
[PlyCount "38"]
[EventDate "2011.03.12"]
[EventType "team-tourn"]
[EventRounds "9"]
[EventCountry "CRO"]
[SourceTitle "EXT 2014"]
[Source "ChessBase"]
[SourceDate "2013.11.20"]
[SourceVersion "1"]
[SourceVersionDate "2013.11.20"]
[SourceQuality "1"]

1. e4 d6 2. d4 g6 3. Nc3 Bg7 4. g3 Nf6 5. Bg2 0-0 6. h3 c6 7. Nge2 e5 8. Be3 Nbd7 9. 0-0 Nh5 10. g4 Nhf6 11. Ng3 h6 12. Rb1 Kh7 13. Qd2 Qa5 14. Rfd1 a6 15. Kh2 Rd8 16. f4 exf4 17. Bxf4 Ne8 18. Qf2 Nf8 19. e5 dxe5 1/2-1/2

[Event "Kraljevica ZNG111 op 12th"]
[Site "Kraljevica"]
[Date "2011.02.05"]
[Round "1"]
[White "Brenc, Tomislav"]
[Black "Samanic, Lorena"]
[Result "1-0"]
[WhiteElo "2052"]
[BlackElo "1674"]
[PlyCount "63"]
[EventDate "2011.02.07"]
[EventType "swiss"]
[EventRounds "7"]
[EventCountry "CRO"]
[SourceTitle "EXT 2019"]
[Source "ChessBase"]
[SourceDate "2018.10.10"]
[SourceVersion "1"]
[SourceVersionDate "2018.10.10"]
[SourceQuality "1"]

1. e4 e5 2. Nf3 Nc6 3. Bc4 Bc5 4. b4 Bb6 5. a4 a5 6. b5 Nd4 7. 0-0 Ne6 8. Nxe5 Nf6 9. Bb2 0-0 10. d3 Re8 11. Ng4 Bd4 12. Bxd4 Nxd4 13. c3 Ne6 14. Nd2 d6 15. Ne3 c6 16. bxc6 bxc6 17. Rb1 d5 18. exd5 cxd5 19. Bb5 Bd7 20. Nf3 Bxb5 21. Rxb5 Rb8 22. c4 dxc4 23. dxc4 h6 24. Qxd8 Rexd8 25. Rfb1 Rbc8 26. Rxa5 Ra8 27. Rxa8 Rxa8 28. Ra1 Ne4 29. a5 Kh7 30. Ne5 f6 31. Nd7 Nc3 32. Nb6 1-0

[Event "Mediterranean op 3rd"]
[Site "Rijeka"]
[Date "2009.12.05"]
[Round "9"]
[White "Diermair, Andreas"]
[Black "Brenc, Tomislav"]
[Result "1-0"]
[WhiteElo "2341"]
[BlackElo "2075"]
[PlyCount "77"]
[EventDate "2009.11.27"]
[EventType "swiss"]
[EventRounds "9"]
[EventCountry "CRO"]
[SourceTitle "CBM 133 Extra"]
[Source "ChessBase"]
[SourceDate "2010.01.05"]
[SourceVersion "1"]
[SourceVersionDate "2010.01.05"]
[SourceQuality "1"]

1. Nf3 Nc6 2. e4 g6 3. d4 d6 4. d5 Ne5 5. Nxe5 dxe5 6. c4 Nf6 7. Nc3 Bg7 8. Be2 0-0 9. 0-0 e6 10. Be3 exd5 11. cxd5 a6 12. Rc1 Ne8 13. f3 Nd6 14. Na4 Bd7 15. Nc5 Bb5 16. a4 Bxe2 17. Qxe2 Bf6 18. Rc3 Bg5 19. Bf2 Qc8 20. Qc2 Bd8 21. Be3 Re8 22. Rc1 b6 23. Nb3 Qd7 24. Rc6 a5 25. Nd2 f6 26. h3 Rb8 27. Nc4 Be7 28. Na3 Bd8 29. Qd3 Rc8 30. Nb5 Nxb5 31. Qxb5 Be7 32. Rxb6 Qd8 33. Rb7 Bb4 34. Rcxc7 Rxc7 35. Rxc7 Qxc7 36. Qxe8+ Kg7 37. Qc6 Qe7 38. Bb6 f5 39. Qc7 1-0

[Event "Mediterranean op 3rd"]
[Site "Rijeka"]
[Date "2009.12.04"]
[Round "8"]
[White "Brenc, Tomislav"]
[Black "Medancic, Rikard"]
[Result "0-1"]
[WhiteElo "2075"]
[BlackElo "2251"]
[PlyCount "58"]
[EventDate "2009.11.27"]
[EventType "swiss"]
[EventRounds "9"]
[EventCountry "CRO"]
[SourceTitle "CBM 133 Extra"]
[Source "ChessBase"]
[SourceDate "2010.01.05"]
[SourceVersion "1"]
[SourceVersionDate "2010.01.05"]
[SourceQuality "1"]

1. f4 c5 2. Nf3 Nf6 3. d3 d5 4. g3 g6 5. Bg2 Bg7 6. 0-0 0-0 7. c3 Nc6 8. Qe1 d4 9. Na3 Nd5 10. Bd2 e5 11. fxe5 Nxe5 12. Nxe5 Bxe5 13. Nc4 Bg7 14. e4 dxe3 15. Bxe3 Nxe3 16. Qxe3 Qc7 17. Bd5 Bh3 18. Rf2 Rad8 19. Qf3 b5 20. Ne3 h5 21. Be4 f5 22. Bd5+ Kh7 23. Qe2 Rfe8 24. Qf3 Rxe3 25. Qxe3 Rxd5 26. Re1 Qd6 27. Qe8 Rxd3 28. Rfe2 b4 29. Re6 Rxg3+ 0-1

[Event "Mediterranean op 3rd"]
[Site "Rijeka"]
[Date "2009.12.03"]
[Round "7"]
[White "Monjac, Mislav"]
[Black "Brenc, Tomislav"]
[Result "0-1"]
[WhiteElo "1856"]
[BlackElo "2075"]
[PlyCount "60"]
[EventDate "2009.11.27"]
[EventType "swiss"]
[EventRounds "9"]
[EventCountry "CRO"]
[SourceTitle "CBM 133 Extra"]
[Source "ChessBase"]
[SourceDate "2010.01.05"]
[SourceVersion "1"]
[SourceVersionDate "2010.01.05"]
[SourceQuality "1"]

1. e4 c5 2. Nf3 a6 3. c4 e6 4. d4 cxd4 5. Nxd4 Qc7 6. Nc3 Nf6 7. Be2 Nc6 8. 0-0 Bb4 9. f3 Nxd4 10. Bd3 Bc5 11. Kh1 0-0 12. f4 d6 13. a3 b5 14. cxb5 axb5 15. b4 Bb6 16. Bb2 e5 17. Rc1 Qe7 18. f5 Bb7 19. g4 h6 20. h4 Nxe4 21. Bxe4 Qxh4+ 22. Kg2 d5 23. Rh1 Qg5 24. Nxd5 Bxd5 25. Bxd5 Nxf5 26. Qf3 Ne3+ 27. Kh3 Nxd5 28. Qxd5 Qe3+ 29. Kh2 Rad8 30. Qxe5 Rd2# 0-1

[Event "CRO-chT1B 18th"]
[Site "Sibenik"]
[Date "2009.09.28"]
[Round "8"]
[White "Brenc, Tomislav"]
[Black "Vargic, Drago"]
[Result "0-1"]
[WhiteElo "2101"]
[BlackElo "2384"]
[PlyCount "38"]
[EventDate "2009.09.21"]
[EventType "team-tourn"]
[EventRounds "9"]
[EventCountry "CRO"]
[SourceTitle "EXT 2010"]
[Source "ChessBase"]
[SourceDate "2010.11.25"]
[SourceVersion "1"]
[SourceVersionDate "2010.11.25"]
[SourceQuality "1"]

1. e4 e6 2. Nf3 d5 3. e5 c5 4. b4 cxb4 5. d4 Nc6 6. a3 Bd7 7. axb4 Bxb4+ 8. c3 Be7 9. Bd3 a6 10. h4 Qc7 11. Ng5 f5 12. exf6 Nxf6 13. Bxh7 0-0-0 14. Bg6 Rdf8 15. Nf3 Rhg8 16. Qe2 Nxd4 17. Qb2 Nc6 18. Ng5 Ne5 19. Qc2 Nfg4 0-1

[Event "CRO-chT1B 18th"]
[Site "Sibenik"]
[Date "2009.09.26"]
[Round "6"]
[White "Brenc, Tomislav"]
[Black "Zovko, Mario"]
[Result "0-1"]
[WhiteElo "2101"]
[BlackElo "2197"]
[PlyCount "90"]
[EventDate "2009.09.21"]
[EventType "team-tourn"]
[EventRounds "9"]
[EventCountry "CRO"]
[SourceTitle "EXT 2010"]
[Source "ChessBase"]
[SourceDate "2010.11.25"]
[SourceVersion "1"]
[SourceVersionDate "2010.11.25"]
[SourceQuality "1"]

1. e4 c6 2. d4 d5 3. e5 Bf5 4. g4 Bd7 5. c4 e6 6. Nc3 Ne7 7. c5 b6 8. b4 a5 9. Na4 Nc8 10. Bd2 axb4 11. Bxb4 Qc7 12. Rb1 b5 13. Nc3 Be7 14. Bd3 f6 15. f4 g5 16. Nf3 gxf4 17. g5 f5 18. Qd2 Na6 19. a3 Nxb4 20. axb4 Kd8 21. Qxf4 Be8 22. Rg1 Bh5 23. Be2 Ra3 24. Qd2 Kd7 25. Kf2 Rg8 26. h4 Bd8 27. Nh2 Bxe2 28. Nxe2 Qa7 29. Nf3 Be7 30. Nf4 Qa4 31. Rb2 Bf8 32. Nh5 Kd8 33. Nf6 Rg7 34. h5 Ra7 35. Nxh7 Rxh7 36. h6 Ne7 37. g6 Rxh6 38. g7 Bxg7 39. Rxg7 Rh3 40. Ne1 Rh5 41. Kg2 Ra1 42. Nf3 Qa3 43. Qe2 Rh6 44. Rg3 Rg6 45. Ng5 Rg1+ 0-1

[Event "CRO-chT1B 18th"]
[Site "Sibenik"]
[Date "2009.09.25"]
[Round "5"]
[White "Ramesa, Marin"]
[Black "Brenc, Tomislav"]
[Result "1-0"]
[WhiteElo "2229"]
[BlackElo "2101"]
[PlyCount "81"]
[EventDate "2009.09.21"]
[EventType "team-tourn"]
[EventRounds "9"]
[EventCountry "CRO"]
[SourceTitle "EXT 2010"]
[Source "ChessBase"]
[SourceDate "2010.11.25"]
[SourceVersion "1"]
[SourceVersionDate "2010.11.25"]
[SourceQuality "1"]

1. d4 f5 2. e4 fxe4 3. Nc3 g6 4. Nxe4 Bg7 5. Nf3 d5 6. Neg5 h6 7. Nh3 Bxh3 8. gxh3 Qd6 9. Bd3 Nd7 10. Rg1 Nf8 11. Qe2 0-0-0 12. Bd2 Kb8 13. 0-0-0 g5 14. Rde1 Nd7 15. h4 Bf6 16. hxg5 hxg5 17. Nxg5 Nh6 18. Ne6 Rc8 19. Bf4 Qb6 20. c3 Nf7 21. Bf5 Nd6 22. Bg4 Rcg8 23. f3 Nf8 24. Nc5 Qa5 25. Kb1 Ka8 26. Be6 Rxg1 27. Rxg1 b6 28. Nb3 Qa4 29. Bxd5+ c6 30. Bxd6 cxd5 31. Bxe7 Qe8 32. Re1 Bxe7 33. Qxe7 Qxe7 34. Rxe7 Ng6 35. Rg7 Nf4 36. Rg4 Nd3 37. Rg2 Re8 38. a4 Re1+ 39. Ka2 Rf1 40. Nd2 Ne1 41. Nxf1 1-0

[Event "CRO-chT1B 18th"]
[Site "Sibenik"]
[Date "2009.09.24"]
[Round "4"]
[White "Brenc, Tomislav"]
[Black "Zezelj, Vladislav"]
[Result "1-0"]
[WhiteElo "2101"]
[BlackElo "2094"]
[PlyCount "52"]
[EventDate "2009.09.21"]
[EventType "team-tourn"]
[EventRounds "9"]
[EventCountry "CRO"]
[SourceTitle "EXT 2010"]
[Source "ChessBase"]
[SourceDate "2010.11.25"]
[SourceVersion "1"]
[SourceVersionDate "2010.11.25"]
[SourceQuality "1"]

1. e4 e6 2. Nf3 d5 3. Nc3 Nf6 4. e5 Nfd7 5. d4 c5 6. dxc5 Nc6 7. Bf4 Bxc5 8. Bd3 f6 9. exf6 Qxf6 10. Bg3 Bb4 11. 0-0 Bxc3 12. bxc3 0-0 13. c4 Nce5 14. Nxe5 Nxe5 15. cxd5 exd5 16. Qh5 Bf5 17. Bxe5 Qxe5 18. g4 g6 19. Qg5 h6 20. Qxh6 Bxd3 21. cxd3 Qd6 22. Rae1 Rf4 23. Qg5 Raf8 24. Re3 Kg7 25. Rh3 Qe6 26. Qh6+ Kg8 1-0